| 000 | 00340nam a22001457a 4500 | ||
|---|---|---|---|
| 003 | MACL | ||
| 005 | 20190817154144.0 | ||
| 008 | 190817b xxu||||| |||| 00| 0 eng d | ||
| 040 | _cMACL | ||
| 100 |
_aVerma, B C _976314 |
||
| 245 | _aAPJ Abdul Kalam | ||
| 260 |
_aDelhi _bNisha Pub _c2018 |
||
| 650 |
_aBiography _976315 |
||
| 942 |
_2ddc _cBK |
||
| 999 |
_c60785 _d60785 |
||